譚敦慈的無毒好生活 / (Record no. 6877)
[ view plain ]
| 000 -記錄標示(系統產生) | |
|---|---|
| fixed length control field | 00645cam a22002171 4500 |
| 020 ## - ISBN | |
| ISBN | 9789869515122 |
| 100 1# - 主要款目 | |
| 第一作者姓名 | 譚敦慈 |
| 245 10 - 書籍基本資料 | |
| 書名 | 譚敦慈的無毒好生活 / |
| 作者名稱 | 譚敦慈著 |
| 250 ## - 書籍版本資料 | |
| 書籍版本 | 第一版 |
| 260 ## - 書籍出版資料 | |
| 出版地 | 臺北市 : |
| 出版者 | 天下生活出版 ; |
| 出版地 | [新北市] : |
| 出版者 | 大和圖書總經銷, |
| 出版年 | 2017. |
| 300 ## - 外觀規格(長、寬、高) | |
| 數量(面數, 冊數或其他) | 189 面 : |
| 插圖及其他 | 彩圖, 表 ; |
| 高廣尺寸 | 22 公分 |
| 490 1# - 套書系列資料 | |
| 套書名稱 | 優生活 ; |
| 冊次號 | 9. |
| 942 ## - 其他項目(KOHA) | |
| 分類法來源 | 中文圖書分類法 |
| 館藏類型設定 | 一般圖書 |
| 撤銷狀態 | 遺失狀態 | 分類號來源 | 損壞狀態 | 不外借 | 永久館藏地 | 現在館藏地 | 書架位置 | 採購日期 | 所有借閱數 | Total Renewals | 完整索書號 | 條碼號 | 最後一次日期記錄 | 最後借出日期 | 一般價格有效日期 | Koha館藏類型 | 公開資訊 |
|---|---|---|---|---|---|---|---|---|---|---|---|---|---|---|---|---|---|
| 未註銷館藏 | 未遺失 | 中文圖書分類法 | 未損毀 | 可外借 | 怡仁綜合醫院圖書館 | 怡仁綜合醫院圖書館 | 2018-09-12 | 8 | 3 | 411.1 | C02457 | 2022-08-17 | 2022-08-11 | 2018-09-12 | 一般圖書 | 本書一次大公開,帶你跟著譚敦慈過無毒生活:從早上起床刷牙該用多少牙膏量、安心早餐怎麼準備,外食怎麼吃,雞蛋怎麼挑、怎麼煮、怎麼保存,保鮮膜要怎麼用,打掃如何省時省力又有效,頭髮怎麼染才安心…… |